000 00791nam a22002537a 4500
001 101052
003 UA-OsUOA
005 20251212161306.0
007 ta
008 20130604b un ||||| |||| 00| 0 ukr d
040 _aUA-OsUOA
_brus
_cUA-OsUOA
_dUA-OsUOA
041 _arus
080 _a821.161.1
090 _a821.161.1
_bЧ-56
100 _aЧехов А. П.
_918185
245 _aПолное собрание сочинений и писем
_cА. П. Чехов
260 _aМ.
_bГИХЛ
_c1946
300 _a671 с.
505 _gТ. 18
_tПисьма
650 7 _a821 Художня література окремими мовами і мовними сім'ями
_2UDC
_917
942 _cBK
_2udc
955 _a3
999 _c387302
_d387302